MCU TV Series - Statistics

General Stats
  • This quiz has been taken 140 times
    118 since last reset
  • The average score is 8 of 16
Answer Stats
Seasons TV Series % Correct
1 WandaVision
94%
7 Agents of S.H.I.E.L.D.
86%
1 The Falcon and the Winter Soldier
77%
3 Daredevil
73%
3 Jessica Jones
67%
2 Luke Cage
63%
2 Agent Carter
60%
2 Iron Fist
60%
2 The Punisher
55%
1 The Defenders
52%
1 Inhumans
42%
3 Runaways
41%
2 Cloak and Dagger
31%
1 Helstrom
15%
1 Agents of S.H.I.E.L.D.: Slingshot
2%
2 WHiH Newsfront
1%
No matching quizzes found
Score Distribution
Percent of People with Each Score
Percentile by Number Answered
Your Score History
You have not taken this quiz since the last reset